000 00708nam a2200241 i 4500
001 C2-0233914
003 PPAK
005 20180727194551.0
008 010617s1985 si a|||| ||||| | eng d
020 _a9971917157
040 _aPPAK
_beng
_cPPAK
_erda
082 0 4 _a739.520959
_223
090 0 0 _a739.520959
_bBAL
_dKSF
100 1 _aBaldev, Singh,
_eauthor
245 1 0 _aMalay brassware
264 1 _aSingapore :
_bNational Museum ,
_c1985
300 _a43 pages :
_bcolour illustrations ;
_c25 cm
336 _2rdacontent
_atext
337 _2rdamedia
_aunmediated
338 _2rdacarrier
_avolume
650 1 0 _aBrasswork - Malay - Pictorial works ; Brasswork - Malay - Guidebooks
942 _ddc
_cB
999 _c50314
_d50314